000 02045nam a2200301Ia 4500
999 _c52705
_d52705
001 19730
003 GE_BSU
005 20200411220557.0
008 181216s2015||||ge |||||||||||||| ||geo||
020 _a9789941081873 (ტ. 1)
040 _cGE_BSU
041 _ageo
080 _a342.4(479.22)"1921 ს-32
245 _aსაქართველოს პირველი რესპუბლიკის კონსტიტუცია (1921) :
_b მასალები და დოკუმენტები ტ.1 /
_cშემდგენლები : ხათუნა დავითური, მარინა ალანია, ნანო ომანაძე [და სხვ.] ; რედაქტორები : ემზარ ჯგერენაია, თეა კენჭოშვილი.
264 _aთბილისი :
_bირიდა,
_c2015.
300 _a254 გვ. ;
_c21 სმ.
500 _aეძღვნება ისიდორე დოლიძის დაბადებიდან 100 წლის იუბილეს
501 _aსაძიებლები: გვ. 234-254
653 _aსამართალი
653 _aსაქართველოს 1921 წლის კონსტიტუცია
700 _aდავითური, ხათუნა
_eშემდგენელი
_97903
700 _aალანია, მარინა
_eშემდგენელი
_97904
700 _aომანაძე, ნანო
_eშემდგენელი
_97905
700 _aჯგერენაია, ემზარ
_e რედაქტორი
_97906
700 _aკენჭოშვილი, თეა
_e რედაქტორი
_97907
710 _aსაქართველოს პარლამენტის ეროვნული ბიბლიოთეკა
_eსამოქალაქო განათლების განყოფილება
_97897
942 _cBK
_2udc